000
00248nam a22001097a 4500
999
_c
15496
_d
15496
082
_a
658.50
_b
SAX/IN
100
_a
Saxena, S.C
_9
3249
245
_a
Industrial engineering
260
_a
Bopal
_b
j.k publishing house
_c
1982
300
_a
278
942
_c
BK